Statistics for National Things In France

Click here to take the quiz!

General Stats

  • This quiz has been taken 11 times
  • The average score is 4 of 15

Answer Stats

National ThingAnswer% Correct
Colors (3)Blue | White | Red
100%
FlowerLily
78%
SportFootball
67%
AnimalRooster
44%
Bird | Water AnimalGallic Rooster
44%
DessertCrème brûlée
33%
FruitNectarine Prunus
0%
FoodPot-au-Feu
0%
TreeEuropean Yew
0%
HolidayFrench National Day
0%
Musical InstrumentFiddle
0%
Board GameMile Bornes
0%
ButterflyHoly Blue
0%
Basketball TeamFrance Men's National Basketball Team
0%

Score Distribution

Percentile by Number Answered

Percent of People with Each Score

Your Score History

You have not taken this quiz